|
|
|
|
| LEADER |
00000nab a2200000uu 4500 |
| 001 |
vtls010900224 |
| 003 |
SK-MaSNL |
| 005 |
20260303141850.0 |
| 008 |
230222|2013 xo |||||||||||||||||cze| |
| 015 |
|
|
|a SNBRB
|
| 035 |
|
|
|a (urnnbn)urn:nbn:sk:snk:ar-a07kmw
|
| 035 |
|
|
|a (uuid)314b30e8-3705-4bf6-a822-8e42695c10da
|
| 035 |
|
|
|a urn:nbn:sk:snk-ab8s02
|
| 040 |
|
|
|a SNKBUCL
|b slo
|c SNKBUCL
|e AACR2
|
| 041 |
0 |
|
|a cze
|
| 044 |
|
|
|a xo
|c SK
|
| 100 |
1 |
|
|a Sodomka, L.
|4 aut
|9 801260
|
| 245 |
1 |
0 |
|a FILOSOFIE A STRATEGIE PŘI VÝZKUMU POLYMEROVÉ TECHNOLOGIE NANOVLÁKEN
|c L. Sodomka
|
| 773 |
0 |
|
|t Vlákna a textil
|g Roč. 20, č. 1 (2013), s. 26-31
|
| 958 |
|
|
|a OND
|
| 958 |
|
|
|a EUIPO
|
| 958 |
|
|
|a article10
|
| 999 |
|
|
|c 1979366
|d 1981296
|